Представление документа в формате MARC21

Поле Инд. ПП Название Значение
Тип записи a
Библиографический уровень a
001 Контрольный номер b025f33a9fab44dfb797661e2cf7120a
005 Дата корректировки 20180409143831.6
020 a ISBN 978-5-7609-0560-4
040 a Служба первич. каталог. НБ ТвГУ
b Код языка каталог. rus
e Правила каталог. PSBO
041 0_ a Код языка текста rus
097 b Оператор novikova
100 1_ a Автор Карпенко Сергей Валентинович
q Полное имя Карпенко С. В.
245 10 a Заглавие О знаке поверхностной энергии ионных кристаллов при высоких давлениях
260 a Место издания Тверь
b Издательство Тверской государственный университет
504 a Библиография Библиогр.: с. 57-58 (11 назв.)
520 0_ a Аннотация Предсказана возможность потери стабильности кристаллической решетки при переходе поверхностной энергии в область отрицательных значений при высоком давлении, а также экспериментально определены условия возникновения подобного метастабильного состояния.
653 0_ a Ключевые слова Высокое давление
a Ключевые слова Поверхностная энергия
a Ключевые слова Кристаллы
a Ключевые слова Метастабильное состояние
773 18 w Контрольный № источника RU/IS/BASE/314807011
t Название источника Физико-химические аспекты изучения кластеров, наноструктур и наноматериалов
d Место и дата издания Тверь : Тверской государственный университет, 2009
g Прочая информация Вып. 1. - С. 53-58
856 40 u URL http://texts.lib.tversu.ru/texts/11916t.pdf
x Примечание для ЭОР Справка УИС 2016
i Дата подключения ЭОР 20170503
x Примечание для ЭОР Реестр суммарного учета сетевых локальных документов
900 a Имя макрообъекта 11916t
901 t Тип документа a
920 a Оператор Нови